LEADER 02037nam a2200337 a 4500 001 000000171778 003 CaOOAMICUS 005 20190412085422.0 008 190412s2019 it 001 u ita r 020 $a978-88-3379-053-4* 032 $aLibriCat 040 $aPUL$bita 082 04$a325.45 245 00$aTesto unico dell'immigrazione : $bcommentario di legislazione - giurisprudenza - dottrina. Aggiornato con la riforma Minniti - Orlando...con il DLGS 11 maggio 2018...e con il decreto Salvini.../$ccon prefazione di Raffaele Chiarelli: Diritto dell'immigrazione e assetti costituzionali ; commento di Dante Cosi alle disposizioni sui diritti sociali sanitari e socio assistenziali degli immigrati ; a cura di Carlo Morselli. 260 $aOspedaletto (Pisa) :$bPacini Giuridica,$c©2019. 300 $aX, 865 p. ;$c24 cm 490 1 $aNuove leggi nuovo diritto ;$v6 504 $aBibliografia in nota a pič pagina. 650 4$aImmigrazione$xLegislazione$zItalia.$0(OLS)http://pul/subject/45925 700 1 $aMorselli, Carlo.$0(OLS)http://pul/name/44992 700 1 $aCosi, Dante.$0(OLS)http://pul/name/110296 774 0 $aChiarelli, Raffaele.$tDiritto dell'immigrazione e assetti costituzionali.$dOspedaletto (Pisa) : Pacini Giuridica, ©2019.$w()171779 830 0$aNuove leggi nuovo diritto ;$v6.$0(OLS)http://pul/title/212618 850 $aPUL 852 $aPUL$W1$xSL Diritto e Scienze Sociali 3$y79$m325. 45 MORCA 1$j195586$qDDC 21$B200461$CPULBib$Z2$F200461 $H132543 $82 941 1 $a9 996 $6020$a978-88-3379-053-4*$9(OLS)http://pul/number/165969 996 $6082$a325.45$9(OLS)http://pul/classification/2447 996 $6245$aTesto unico dell'immigrazione : $bcommentario di legislazione - giurisprudenza - dottrina. Aggiornato con la riforma Minniti - Orlando...con il DLGS 11 maggio 2018...e con il decreto Salvini.../$9(OLS)http://pul/title/212619 996 $6260$aOspedaletto (Pisa) :$bPacini Giuridica$9(OLS)http://pul/publisher/86747 LEADER 01115nam a2200253 a 4500 001 000000135163 003 CaOOAMICUS 005 20130819110156.0 008 130819s2012 it 001 u ita r 020 $z978-886528141-3* 040 $aPUL$bita 100 1 $aCassiani, Gennaro,$d1965-$0(OLS)http://pul/name/87065 245 12$aL'itinerario di Giovanni Paolo II nelle "geografie spirituali" del Mediterraneo /$cGennaro Cassiani. 260 $aPisa :$bEdizioni il Campano,$c2012. 300 $a280 p. ;$c22 cm. 504 $aBibliografia p. 255-272. 611 24$aConcilium Vaticanum$n(2 :$d1962-1965)$xCritica e interpretazione.$0(OLS)http://pul/subject/2088 850 $aPUL 852 $aPUL$W1$xFondo C.V.II$y119$mBIO 13$j155671$qFondi$B155158$CPULBib$Z2$F155158 $HCVII 98 $82 941 1 $a1 996 $6020$z978-886528141-3*$9(OLS)http://pul/number/153395 996 $6245$aL'itinerario di Giovanni Paolo II nelle "geografie spirituali" del Mediterraneo$9(OLS)http://pul/title/170935 996 $6260$aPisa :$bEdizioni il Campano$9(OLS)http://pul/publisher/80207